Pastorační péče v méně obvyklých situacích / Aleš Opatrný
Record details
- ISBN: 80-254-3051-0
- Physical Description: 113 stran ; 20 cm
- Publisher: Praha : Pastorační středisko sv. Vojtěcha při Arcibiskupství pražském, 2005
Content descriptions
| General Note: | "Čtvrtá mírně upravená a rozšířená verze, ve které jsou původní sešity Pastorační péče v méně obvyklých situacích I. a II. sloučeny do jednoho svazku."--Rub titulní stránky |
| Bibliography, etc. Note: | Obsahuje bibliografie a bibliografické odkazy |
Search for related items by subject
| Genre: | příručky handbooks and manuals |
Available copies
- 1 of 3 copies available at Common Catalog SPOK.
Holds
- 0 current holds with 3 total copies.
Show Only Available Copies
| Location | Call Number / Copy Notes | Barcode | Shelving Location | Status | Due Date |
|---|---|---|---|---|---|
| Hospic Dobrého Pastýře | PA
Tematická katagorie: Odborná - paliativní péče (PA) |
2045957018034 | Skříň ve 2. patře (SKŘ) | Available | - |
| Jabok Library | PT-7.2/O | 424480004144 | Odborná literatura | Checked out | 08.09.2025 |
| Jabok Library | PT-7.2/O | 424480045012 | Odborná literatura | Checked out | 12.06.2025 |
Electronic resources
Version of Resource: online přístup
| LDR | 02150nam a2200529 i 4500 | ||
|---|---|---|---|
| 001 | 8906 | ||
| 003 | CZ-PrJAB | ||
| 005 | 20190918070320.0 | ||
| 007 | ta | ||
| 008 | 080716s2005 xr e f 000 0 cze | ||
| 015 | . | ‡acnb001811834 | |
| 020 | . | ‡a80-254-3051-0 ‡q(v knize neuvedeno ; ‡qbrožováno) | |
| 035 | . | ‡a(CZ PrNK)nkc20081811834 | |
| 035 | . | ‡a(OCoLC)244816496 | |
| 040 | . | ‡aABA001 ‡bcze ‡dBOA001 ‡erda | |
| 072 | 7. | ‡a27-4 ‡xPraktická teologie. Morální teologie ‡2Konspekt ‡95 | |
| 080 | . | ‡a27-46 ‡2MRF | |
| 080 | . | ‡a364-787 ‡2MRF | |
| 080 | . | ‡a364-78 ‡2MRF | |
| 080 | . | ‡a171 ‡2MRF | |
| 080 | . | ‡a364.6-027.233.4 ‡2MRF | |
| 080 | . | ‡a27 ‡2MRF | |
| 080 | . | ‡a(035) ‡2MRF | |
| 100 | 1 | . | ‡aOpatrný, Aleš, ‡d1944- ‡7jn19990218079 ‡4aut |
| 245 | 1 | 0. | ‡aPastorační péče v méně obvyklých situacích / ‡cAleš Opatrný |
| 264 | 1. | ‡aPraha : ‡bPastorační středisko sv. Vojtěcha při Arcibiskupství pražském, ‡c2005 | |
| 300 | . | ‡a113 stran ; ‡c20 cm | |
| 336 | . | ‡atext ‡btxt ‡2rdacontent | |
| 337 | . | ‡abez média ‡bn ‡2rdamedia | |
| 338 | . | ‡asvazek ‡bnc ‡2rdacarrier | |
| 500 | . | ‡a"Čtvrtá mírně upravená a rozšířená verze, ve které jsou původní sešity Pastorační péče v méně obvyklých situacích I. a II. sloučeny do jednoho svazku."--Rub titulní stránky | |
| 504 | . | ‡aObsahuje bibliografie a bibliografické odkazy | |
| 650 | 0 | 7. | ‡apastorační péče ‡7ph138508 ‡2czenas |
| 650 | 0 | 7. | ‡apomáhající chování ‡7ph124334 ‡2czenas |
| 650 | 0 | 7. | ‡asociální práce ‡7ph125805 ‡xkřesťanské pojetí ‡2czenas |
| 650 | 0 | 7. | ‡aživotní problémy ‡7ph128029 ‡xkřesťanské pojetí ‡2czenas |
| 650 | 0 | 7. | ‡aživotní krize ‡7ph278595 ‡xkřesťanské pojetí ‡2czenas |
| 650 | 0 | 9. | ‡apastoral attention ‡2eczenas |
| 650 | 0 | 9. | ‡ahelping behavior ‡2eczenas |
| 650 | 0 | 9. | ‡asocial work ‡xChristian approach ‡2eczenas |
| 650 | 0 | 9. | ‡alife problems ‡xChristian approach ‡2eczenas |
| 650 | 0 | 9. | ‡alife crises ‡xChristian approach ‡2eczenas |
| 655 | 7. | ‡apříručky ‡7fd133209 ‡2czenas | |
| 655 | 9. | ‡ahandbooks and manuals ‡2eczenas | |
| 856 | 4 | 1. | ‡uhttps://www.pastorace.cz/tematicke-texty/pastoracni-pece-v-mene-obvyklych-situacich-cast-i-p-ing-ales-opatrny ‡yonline přístup |
| 910 | . | ‡aABG312 | |
| 910 | . | ‡aBNE702 | |
| 995 | . | ‡aska | |
| 901 | . | ‡a8906 ‡bCZ-PrJAB ‡c8906 ‡tbiblio | |